Interpretación de los sueños [ (Record no. 4182)

MARC details
000 -LEADER
campo de control de longitud fija 01092nkm a2200253 i 4500
001 - NÚMERO DE CONTROL
campo de control 4182
003 - IDENTIFICADOR DE NÚMERO DE CONTROL
campo de control ES-MaACL
007 - CAMPO FIJO DE DESCRIPCIÓN FÍSICA--INFORMACIÓN GENERAL
campo de control de longitud fija khrbo
008 - DATOS DE LONGITUD FIJA--INFORMACIÓN GENERAL
campo de control de longitud fija 070629s1987 sp --- g |001||spa d
100 0# - ENTRADA PRINCIPAL--NOMBRE DE PERSONA
Nombre de persona Alfonso,
Fechas asociadas al nombre 1902-1990
9 (RLIN) 19858
245 10 - MENCIÓN DEL TÍTULO
Título Interpretación de los sueños [
Medio Fotografía] /
Mención de responsabilidad, etc. Alfonso (sello).
260 ## - PUBLICACIÓN, DISTRIBUCIÓN, ETC.
Lugar de publicación, distribución, etc. [S.l. :
Nombre del editor, distribuidor, etc. s.n.],
Fecha de publicación, distribución, etc. 1987.
300 ## - DESCRIPCIÓN FÍSICA
Extensión 1 fot. :
Otras características físicas b. y n. ;
Dimensiones 12 x 18 cm.
500 ## - NOTA GENERAL
Nota general Datos basados en invitación.
511 0# - NOTA DE PARTICIPANTES O INTÉRPRETES
Nota de participantes o intérpretes Interviene: José Rallo; presenta: León Grinberg.
518 ## - NOTA DE FECHA/HORA Y LUGAR DE UN ACONTECIMIENTO
Nota de fecha/hora y lugar de un acontecimiento Acto organizado por la Cátedra de Psicoanálisis del Ateneo de Madrid, celebrado en el salón de actos el miércoles, 16 de diciembre de 1987, a las 20:30 h.
600 14 - PUNTO DE ACCESO ADICIONAL DE MATERIA--NOMBRE DE PERSONA
Nombre de persona Rallo, José.
9 (RLIN) 95053
600 04 - PUNTO DE ACCESO ADICIONAL DE MATERIA--NOMBRE DE PERSONA
Nombre de persona Grinberg, León,
Fechas asociadas al nombre 1916-2002
9 (RLIN) 60064
610 24 - PUNTO DE ACCESO ADICIONAL DE MATERIA--NOMBRE DE ENTIDAD CORPORATIVA
Nombre de entidad corporativa o nombre de jurisdicción como elemento de entrada Ateneo de Madrid-
Subdivisión general Actos culturales-
Subdivisión cronológica 1987-
Subdivisión de forma Fotografías.
9 (RLIN) 1902
710 2# - ENTRADA AGREGADA--NOMBRE DE ENTIDAD CORPORATIVA
Nombre de entidad corporativa o nombre de jurisdicción como elemento de entrada Ateneo de Madrid.
Unidad subordinada Cátedra de Psicoanálisis.
9 (RLIN) 1953
852 ## - LOCALIZACIÓN
Ubicación ES-MaACL
Número de control de estantería FOT 246/1987
856 4# - LOCALIZACIÓN Y ACCESO ELECTRÓNICOS
Identificador Uniforme de Recursos <a href="http://www.ateneodemadrid.net/biblioteca_digital/imagenes/1987/0246-1987.jpg">http://www.ateneodemadrid.net/biblioteca_digital/imagenes/1987/0246-1987.jpg</a>
Nota pública Ver imagen
Holdings
Estatus retirado Estado de pérdida Estado de daño No para préstamo Colección Biblioteca de origen Biblioteca actual Ubicación en estantería Fecha de adquisición Fuente de adquisición Total de préstamos Signatura topográfica completa Código de barras Visto por última vez Precio de reemplazo Tipo de ítem Koha
        Colección digital Biblioteca del Ateneo de Madrid Biblioteca del Ateneo de Madrid Depósito Z 17/01/2008     FOT 246/1987 1004245 23/02/2023 23/02/2023 Fotografía